00654nam a22001937a 4500003000400000005001700004008004100021020002200062040002200084050002300106100002900129245009300158260007300251300001000324650004500334650004900379942001500428999001700443OSt20260618094438.0260618b |||||||| |||| 00| 0 eng d a978 14 16 60 8080 cChuka University. aLB 2805b. R4 2009 aReeves Douglas B.929821 aLeading Change in Your School.bHow to Conquer Myths, Build Commitment, and Get Results. aAlexandria.bAssociation for Supervision and Curriculum Development. a179p. aEducational Change-United States.928252 aEducational Leadership-United States.927697 2lcccBKn0 c24660d24660